| 000 | 00643nam a2200229 4500 | ||
|---|---|---|---|
| 999 |
_c8551 _d8551 |
||
| 001 | 22614 | ||
| 003 | BD-DhUAP | ||
| 005 | 20250306134231.0 | ||
| 008 | 250306b19952024bg a|||| |||| 001 0aeng d | ||
| 020 | _a9789843319838 | ||
| 040 |
_aBD-DhUAP _bENG _cBD-DhUAP _dBD-DhUAP |
||
| 082 |
_223 _a347.5406 ISL |
||
| 100 | _aIslam, Muhammad Nazrul | ||
| 245 |
_aReflections on the law of evidence/ _cMuhammad Nazrul Islam. |
||
| 250 | _a5 th | ||
| 260 |
_aBangladesh; _bKamrul Book House, _c2024. |
||
| 300 |
_axvi, 565 p _bill; _c24 cm |
||
| 504 | _aIncludes Index and Bibliography. | ||
| 650 | _aLaw of evidence | ||
| 650 | _aLaw | ||
| 942 |
_2ddc _cBK |
||